| 000 | 00000nam 2200000zi 4500 |
| 001 | 9.875200 |
| 003 | CaOODSP |
| 005 | 20221107164408 |
| 006 | m o d f |
| 007 | cr ||||||||||| |
| 008 | 190619e201906 onca ob f000 0 fre d |
| 040 | |aCaOODSP|bfre|erda|cCaOODSP |
| 043 | |an-cn--- |
| 086 | 1 |aXC49-1/1-421-13F-PDF |
| 110 | 1 |aCanada. |bParlement. |bChambre des communes. |bComité permanent des ressources naturelles. |
| 245 | 10|aPratiques exemplaires internationales relativement à la participation des autochtones aux grands projets énergétiques : |bétablir des partenariats sur la voie de la réconciliation / |cle président, James Maloney. |
| 264 | 1|a[Ottawa] : |bChambre des communes, Canada = House of Commons, Canada, |cjuin 2019. |
| 300 | |a1 ressource en ligne (vii, 41 pages) : |billustrations en couleur. |
| 336 | |atexte|btxt|2rdacontent/fre |
| 337 | |ainformatique|bc|2rdamedia/fre |
| 338 | |aressource en ligne|bcr|2rdacarrier/fre |
| 490 | 1 |aRapport du Comité permanent des ressources naturelles ; |v13e rapport, 42e législature, 1re session |
| 500 | |aPublié aussi en anglais sous le titre : International best practices for Indigenous engagement in major energy projects: building partnership on the path to reconciliation. |
| 500 | |a« Juin 2019. » |
| 500 | |aDate originale de publication : 2019/06/17. Republié : 2019/07/10. |
| 500 | |aÉgalement publié en format HTML. |
| 504 | |aComprend des réferences bibliographiques. |
| 692 | 07|2gccst|aDisponibilités énergétiques |
| 692 | 07|2gccst|aAutochtones |
| 700 | 1 |aMaloney, James Victor. |
| 775 | 08|tInternational best practices for Indigenous engagement in major energy projects : |w(CaOODSP)9.875197 |
| 830 | #0|aRapport du Comité permanent des ressources naturelles ;|v13e rapport, 42e législature, 1re session.|w(CaOODSP)9.503407 |
| 856 | 40|qPDF|s3.46 Mo|uhttps://publications.gc.ca/collections/collection_2019/parl/xc49-1/XC49-1-1-421-13-fra.pdf |
| 856 | 4 |qHTML|sS.O.|uhttps://www.noscommunes.ca/DocumentViewer/fr/42-1/RNNR/rapport-13 |